000 00606nam a22001577a 4500
003 OSt
005 20260115075933.0
008 260115b |||||||| |||| 00| 0 eng
040 _aDWC-Main lib
_cOC
082 _22005 ed.
_aSC. 338.9 P552 2005
245 _aPhilippine business and government :
_b the philippine yearbook reference
250 _a2005 edition
260 _aManila, Philippines :
_bThe Fookien Times Yearbook Publishing Co., Inc.,
_c c2005
300 _a121 p. ;
_bcolored illustration ;
_c27 cm.
942 _2ddc
_cSC
_e2005 edition
_hSC. 338.9 P552 2005
_kSC.
_n0
999 _c7452
_d7452